"Japan" in All Featured Languages - Statistics

General Stats
  • This quiz has been taken 38 times
    37 since last reset
  • The average score is 5 of 9
Answer Stats
Language Name % Correct
English Japan
100%
German Japan
84%
Spanish Japón
77%
Dutch Japan
74%
French Japon
74%
Polish Japonia
39%
Portuguese Japão
29%
Italian Giappone
26%
Finnish Japani
19%
No matching quizzes found
Score Distribution
Percent of People with Each Score
Percentile by Number Answered
Your Score History
You have not taken this quiz since the last reset